000 00458nam a22001697a 4500
005 20250319144112.0
008 250319b |||||||| |||| 00| 0 eng d
020 _a9780395870846
050 _aHD 30
_b.3 OBE
082 _23RD EDITION
100 _aOBER, SCOT
245 _aCONTEMPORARY BUSINESS COMMUNICATION
_cSCOT OBER
250 _a3RD EDITION
260 _aBOSTON
_bHOUGHTON MIFFLIN COMPANY
_cc1998
300 _axxiv,599p.:
_bill;
942 _2lcc
_cBK
_n0
999 _c4958
_d4958